[Event "4NCL Division 2d"]
[Site "Telford, ENG"]
[Date "2017.03.05"]
[Round "8.51"]
[White "Jones, Steven A"]
[Black "Fallowfield, Jeremy R"]
[Result "1-0"]
[WhiteElo "2157"]
[BlackElo "2155"]
[PlyCount "115"]
[EventDate "2017.03.05"]
[WhiteTeam "Bradford DCA Knights A"]
[BlackTeam "Warwickshire Select 2"]

1. e4 e6 2. d4 d5 3. Nc3 Nf6 4. Bg5 Be7 5. e5 Nfd7 6. Bxe7 Qxe7 7. f4 a6 8. Nf3
Nb6 9. Qd2 Bd7 10. Be2 c5 11. Qe3 cxd4 12. Qxd4 Nc8 13. O-O-O Nc6 14. Qe3 Qb4
15. a3 Qb6 16. Qd2 N8e7 17. Bd3 Na5 18. g4 Bb5 19. Bxb5+ axb5 20. Qd4 Ra6 21.
Qxb6 Rxb6 22. Nd4 b4 23. Na4 Ra6 24. axb4 Nec6 25. Nxc6 Nxc6 26. Nc5 Rb6 27. c3
Ke7 28. Kc2 Rc8 29. Kd3 g5 30. Ke3 gxf4+ 31. Kf3 Nxe5+ 32. Kxf4 f6 33. h4 Nd7
34. Nb3 Rbc6 35. Na5 R6c7 36. Rhe1 b6 37. Nb3 Kd6 38. Nd4 e5+ 39. Kf5 Rc4 40.
b3 Rxc3 41. Nb5+ Ke7 42. Nxc3 Rxc3 43. Rxd5 Rf3+ 44. Ke4 Rf4+ 45. Ke3 Rxb4 46.
g5 Ke6 47. Red1 Rxb3+ 48. Ke2 Rb2+ 49. Ke1 Nc5 50. Rd6+ Kf5 51. Rxf6+ Kg4 52.
Rh6 Kf3 53. Rxh7 Re2+ 54. Kf1 e4 55. Rf7+ Ke3 56. g6 Nd3 57. g7 Nf4 58. Rxf4
1-0

[Event "4NCL Division 2d"]
[Site "Telford, ENG"]
[Date "2017.03.05"]
[Round "8.52"]
[White "Hynes, Anthony M"]
[Black "Bak, Andrew"]
[Result "1-0"]
[WhiteElo "2102"]
[BlackElo "2041"]
[PlyCount "73"]
[EventDate "2017.03.05"]
[WhiteTeam "Warwickshire Select 2"]
[BlackTeam "Bradford DCA Knights A"]

1. e4 e5 2. Nf3 Nc6 3. Bc4 Nf6 4. d3 Be7 5. O-O O-O 6. c3 d6 7. Bb3 Bg4 8. h3
Bh5 9. Re1 Na5 10. Bc2 c5 11. Nbd2 Nc6 12. Nf1 Qd7 13. Ng3 Bg6 14. Nh4 Rfe8 15.
Nxg6 hxg6 16. f4 exf4 17. Bxf4 Nd8 18. d4 Ne6 19. Be3 cxd4 20. cxd4 b5 21. a4
b4 22. a5 Rec8 23. Ba4 Qd8 24. d5 Nc5 25. Bc6 Rab8 26. Bxc5 dxc5 27. e5 Nh7 28.
Qb3 Bh4 29. Re4 Nf8 30. Rf1 Qg5 31. Rg4 Qd8 32. d6 Rxc6 33. Qxf7+ Kh8 34. Nf5
Bf6 35. Rh4+ Nh7 36. Qxg6 Qg8 37. exf6 1-0

[Event "4NCL Division 2d"]
[Site "Telford, ENG"]
[Date "2017.03.05"]
[Round "8.53"]
[White "Bak, Christopher"]
[Black "Paterson, Andrew I"]
[Result "0-1"]
[WhiteElo "2018"]
[BlackElo "2125"]
[PlyCount "114"]
[EventDate "2017.03.05"]
[WhiteTeam "Bradford DCA Knights A"]
[BlackTeam "Warwickshire Select 2"]

1. c4 e5 2. Nc3 f5 3. d4 e4 4. Nh3 Nc6 5. Nf4 Nf6 6. e3 Bd6 7. Nfd5 O-O 8. a3
b6 9. Be2 Ne7 10. Nxf6+ Rxf6 11. b4 c5 12. dxc5 bxc5 13. Bb2 Be5 14. Qc2 Rh6
15. b5 Bb7 16. O-O-O a6 17. a4 axb5 18. axb5 d6 19. h3 Qa5 20. Qb3 f4 21. Bg4
Rf6 22. Kc2 fxe3 23. fxe3 Raf8 24. Rd2 g6 25. h4 h5 26. Bh3 Kh7 27. Ra1 Qc7 28.
Ra7 Qb8 29. Qa4 Rf2 30. Bc1 Kh6 31. Qa5 Nc8 32. Bxc8 Qxc8 33. Qb6 R2f7 34. Kb3
Rd7 35. Bb2 Rff7 36. Ra1 Qh8 37. Rad1 Qf6 38. Qa5 Qxh4 39. Ba3 Rde7 40. Nd5
Bxd5 41. Rxd5 Rf2 42. Qd8 Qg5 43. Re1 Qf6 44. Rb1 Rxg2 45. Rxe5 Qxe5 46. Bb2
Re8 47. Qc7 Qe7 48. Qc6 Re2 49. b6 Rb8 50. Ka4 Rf2 51. Bc3 Rf7 52. Kb5 h4 53.
Rd1 Rd8 54. Ka6 Qd7 55. Qxe4 Qa4+ 56. Ba5 Ra8+ 57. Qxa8 Qxc4# 0-1

[Event "4NCL Division 2d"]
[Site "Telford, ENG"]
[Date "2017.03.05"]
[Round "8.54"]
[White "Cooper, David M"]
[Black "Jennings, Roger W"]
[Result "1/2-1/2"]
[WhiteElo "2051"]
[BlackElo "2038"]
[PlyCount "25"]
[EventDate "2017.03.05"]
[WhiteTeam "Warwickshire Select 2"]
[BlackTeam "Bradford DCA Knights A"]

1. c4 g6 2. g3 Bg7 3. Bg2 Nf6 4. Nc3 O-O 5. d4 d6 6. e3 Nc6 7. Nge2 e5 8. O-O
Bd7 9. b3 Qc8 10. Bb2 Bh3 11. Qc2 Bxg2 12. Kxg2 exd4 13. exd4 1/2-1/2

[Event "4NCL Division 2d"]
[Site "Telford, ENG"]
[Date "2017.03.05"]
[Round "8.55"]
[White "Nicholson, Jim W R"]
[Black "Page, Mark E"]
[Result "1/2-1/2"]
[WhiteElo "2020"]
[BlackElo "2117"]
[PlyCount "108"]
[EventDate "2017.03.05"]
[WhiteTeam "Bradford DCA Knights A"]
[BlackTeam "Warwickshire Select 2"]

1. d4 Nf6 2. Nf3 g6 3. Bg5 Bg7 4. Nbd2 d5 5. e3 O-O 6. Bd3 c5 7. c3 Nbd7 8. O-O
Qb6 9. Rb1 Re8 10. Qa4 c4 11. Bc2 Qd8 12. b3 cxb3 13. axb3 e5 14. dxe5 Nxe5 15.
Nxe5 Rxe5 16. Nf3 Re8 17. Rfd1 Bd7 18. Qh4 Qb6 19. Bh6 Bg4 20. Bxg7 Kxg7 21.
Rd4 Bxf3 22. gxf3 Rac8 23. c4 Re5 24. Qh3 Rg5+ 25. Kf1 Re8 26. Bd3 dxc4 27.
bxc4 Qc7 28. Qh4 Rh5 29. Qg3 Rc5 30. Qd6 Re6 31. Qxc7 Rxc7 32. Ra1 b6 33. Be2
Nd7 34. f4 Nc5 35. Rb1 f5 36. Bf3 Ne4 37. Rbd1 Ree7 38. Kg2 Kf7 39. h4 h5 40.
R1d3 a5 41. Rb3 Re6 42. Be2 Ra7 43. Ra3 Ke7 44. Bd1 Rd6 45. Bc2 Nc5 46. Rxd6
Kxd6 47. f3 Re7 48. Kg3 Kc6 49. Bb1 Rd7 50. e4 fxe4 51. fxe4 Rd1 52. Bc2 Rg1+
53. Kh3 Rh1+ 54. Kg3 Rg1+ 1/2-1/2

[Event "4NCL Division 2d"]
[Site "Telford, ENG"]
[Date "2017.03.05"]
[Round "8.56"]
[White "Purcell, Philip"]
[Black "Slinger, Tony J"]
[Result "1/2-1/2"]
[WhiteElo "2080"]
[BlackElo "1899"]
[PlyCount "87"]
[EventDate "2017.03.05"]
[WhiteTeam "Warwickshire Select 2"]
[BlackTeam "Bradford DCA Knights A"]

1. d4 Nf6 2. c4 e6 3. Nc3 Bb4 4. e3 O-O 5. Nge2 Re8 6. a3 Bf8 7. Ng3 d6 8. Bd3
e5 9. d5 a5 10. O-O Nbd7 11. Bf5 g6 12. Bh3 Bg7 13. e4 Nc5 14. Bxc8 Qxc8 15. f3
Qd7 16. Be3 Qe7 17. Qc2 h5 18. b4 axb4 19. axb4 Rxa1 20. Rxa1 Na6 21. Qb2 h4
22. Nge2 Nh5 23. Na4 Nf4 24. b5 Nc5 25. Nxc5 dxc5 26. Qd2 Nxe2+ 27. Qxe2 b6 28.
Qd2 Bf6 29. Ra7 Rd8 30. g4 hxg3 31. hxg3 g5 32. Kg2 Kg7 33. g4 Kg6 34. Qa2 Rb8
35. Qa1 Qd6 36. Bf2 Kg7 37. Bg3 Kg6 38. Ra8 Rxa8 39. Qxa8 Bg7 40. Qe8 Bf6 41.
Kf2 Kg7 42. Qc6 Be7 43. Ke2 f6 44. Qxd6 1/2-1/2

[Event "4NCL Division 2d"]
[Site "Telford, ENG"]
[Date "2017.03.05"]
[Round "8.57"]
[White "Patrick, David A"]
[Black "Green, Anthony J"]
[Result "1/2-1/2"]
[WhiteElo "1862"]
[BlackElo "1975"]
[PlyCount "135"]
[EventDate "2017.03.05"]
[WhiteTeam "Bradford DCA Knights A"]
[BlackTeam "Warwickshire Select 2"]

1. e4 d6 2. d4 Nf6 3. Nc3 Nbd7 4. Nf3 e5 5. Bc4 Be7 6. O-O c6 7. a4 Qc7 8. Bb3
h6 9. Qe2 O-O 10. Rd1 exd4 11. Nxd4 Nc5 12. Ba2 a5 13. h3 Re8 14. Qf3 Bf8 15.
Bxh6 Nfxe4 16. Nxe4 Rxe4 17. Bf4 Qe7 18. Be3 d5 19. Bb1 Be6 20. c3 Rh4 21. Nf5
Bxf5 22. Qxf5 g6 23. Qc2 Bg7 24. Re1 Re4 25. Qd1 Re6 26. Bc2 Re8 27. Qf3 Bh6
28. b4 Bxe3 29. fxe3 axb4 30. cxb4 Ne4 31. Bxe4 Rxe4 32. b5 cxb5 33. axb5 d4
34. Rac1 Rxe3 35. Rxe3 dxe3 36. Qe2 Qe4 37. Qf3 Qxf3 38. gxf3 Re5 39. Kf1 Rxb5
40. Ke2 Rb3 41. f4 Kg7 42. h4 Kf6 43. Rc5 Rb2+ 44. Kxe3 Rh2 45. Rb5 Rxh4 46.
Rxb7 Rh5 47. Ke4 Rf5 48. Rb6+ Kg7 49. Rb1 Rf6 50. Rb5 Re6+ 51. Kf3 f5 52. Rb8
Re7 53. Rb6 Kf7 54. Rc6 Re6 55. Rc7+ Kf6 56. Ra7 g5 57. fxg5+ Kxg5 58. Rg7+ Kf6
59. Ra7 Rc6 60. Kf4 Rc4+ 61. Kf3 Ke6 62. Ra6+ Ke5 63. Ra3 Rf4+ 64. Ke3 Re4+ 65.
Kf3 Rd4 66. Ra5+ Rd5 67. Ra3 f4 68. Rb3 1/2-1/2

[Event "4NCL Division 2d"]
[Site "Telford, ENG"]
[Date "2017.03.05"]
[Round "8.58"]
[White "Bowcott-Terry, Finlay"]
[Black "Verma, Shlok"]
[Result "1-0"]
[WhiteElo "1772"]
[BlackElo "1451"]
[PlyCount "83"]
[EventDate "2017.03.05"]
[WhiteTeam "Warwickshire Select 2"]
[BlackTeam "Bradford DCA Knights A"]

1. d4 e6 2. c4 d5 3. Nc3 Nf6 4. Nf3 Be7 5. Bf4 Nbd7 6. e3 b6 7. cxd5 Nxd5 8.
Nxd5 exd5 9. Bb5 O-O 10. O-O Bb7 11. Bxd7 Qxd7 12. Rc1 Bd6 13. Ne5 Qe6 14. Nd3
Bxf4 15. Nxf4 Qd6 16. Qc2 Rac8 17. Qf5 Rfd8 18. Rc3 Qd7 19. Qxd7 Rxd7 20. Rfc1
h6 21. Nd3 f6 22. Nf4 Kf7 23. a4 Ba6 24. a5 g5 25. Nh3 Kg6 26. axb6 axb6 27.
Ra1 Bb5 28. b4 Bc4 29. f4 c5 30. bxc5 bxc5 31. dxc5 Rxc5 32. Rd1 f5 33. fxg5
hxg5 34. Kf2 Rb5 35. Rxc4 Rb2+ 36. Kg3 f4+ 37. exf4 Rb3+ 38. Kg4 Rh7 39. Rc6+
Kg7 40. Rc7+ Kg8 41. Rxh7 Kxh7 42. Nxg5+ 1-0

[Event "4NCL Division 2d"]
[Site "Telford, ENG"]
[Date "2017.03.05"]
[Round "8.61"]
[White "Gayson, Peter M"]
[Black "Hodgson, John H"]
[Result "1-0"]
[WhiteElo "2148"]
[BlackElo "2118"]
[PlyCount "80"]
[EventDate "2017.03.05"]
[WhiteTeam "White Rose 2"]
[BlackTeam "Barbican 4NCL Youth"]

1. e4 c5 2. Nf3 Nc6 3. d4 cxd4 4. Nxd4 g6 5. Nc3 Bg7 6. Be3 Nf6 7. Bc4 O-O 8.
Bb3 d6 9. h3 Na5 10. O-O b6 11. f3 Bb7 12. Rf2 a6 13. Rd2 Qc7 14. Qf1 Rac8 15.
Qf2 Nxb3 16. Nxb3 Nd7 17. Bd4 Bxd4 18. Rxd4 Nc5 19. Rad1 f5 20. exf5 Rxf5 21.
Qe3 Rcf8 22. Nd5 Bxd5 23. Rxd5 Rxd5 24. Rxd5 Nxb3 25. Qxb3 Kg7 26. Qd3 b5 27.
Qe3 Rf7 28. Qd4+ Kg8 29. c3 Rf8 30. Qe4 Rf7 31. h4 e5 32. h5 Qb6+ 33. Kf1 gxh5
34. Qh4 Qe3 35. Qd8+ Kg7 36. Qxd6 e4 37. Qe5+ Rf6 38. Rd7+ Kg6 39. Qg3+ Kf5 40.
Rd5+ Ke6 1-0

[Event "4NCL Division 2d"]
[Site "Telford, ENG"]
[Date "2017.03.05"]
[Round "8.62"]
[White "Stewart, Ashley"]
[Black "Townsend, M Paul"]
[Result "0-1"]
[WhiteElo "2120"]
[BlackElo "2186"]
[PlyCount "94"]
[EventDate "2017.03.05"]
[WhiteTeam "Barbican 4NCL Youth"]
[BlackTeam "White Rose 2"]

1. c4 e6 2. g3 Nf6 3. Bg2 d5 4. Nf3 Be7 5. O-O O-O 6. d4 c6 7. Qc2 b6 8. Nbd2
Na6 9. Ne5 Bb7 10. Rd1 Rc8 11. e4 c5 12. exd5 exd5 13. cxd5 Bxd5 14. Bh3 Nb4
15. Qa4 Qe8 16. Qxe8 Rcxe8 17. Bf5 Nxa2 18. Ndc4 Nxc1 19. Rdxc1 Ra8 20. Ne3 Be4
21. Bxe4 Nxe4 22. Nf5 Rfe8 23. Nxe7+ Rxe7 24. Nc6 Rd7 25. dxc5 Nxc5 26. b4 Nb3
27. Rd1 Rxd1+ 28. Rxd1 a5 29. b5 a4 30. Nb4 g6 31. Rd6 a3 32. Na2 Rc8 33. Rc6
Rd8 34. Rc3 Rd2 35. Nb4 Rb2 36. Rc8+ Kg7 37. Ra8 Nd4 38. Nd3 Rb1+ 39. Kg2 Nxb5
40. Kf3 Rb3 41. Ke3 Nd6 42. Kd2 Ne4+ 43. Ke2 b5 44. f3 Nc3+ 45. Kd2 Na4 46. Rc8
a2 47. Rc1 Rb1 0-1

[Event "4NCL Division 2d"]
[Site "Telford, ENG"]
[Date "2017.03.05"]
[Round "8.63"]
[White "Arnott, Jonathan W"]
[Black "Harari, Zaki"]
[Result "1/2-1/2"]
[WhiteElo "2127"]
[BlackElo "2088"]
[PlyCount "83"]
[EventDate "2017.03.05"]
[WhiteTeam "White Rose 2"]
[BlackTeam "Barbican 4NCL Youth"]

1. e4 e5 2. Nf3 Nc6 3. d4 exd4 4. Bc4 Nf6 5. e5 d5 6. Bb5 Ne4 7. Nxd4 Bd7 8.
Bxc6 bxc6 9. O-O Bc5 10. f3 Ng5 11. f4 Ne4 12. Be3 Qe7 13. Nd2 Nxd2 14. Qxd2
O-O 15. Bf2 Bb6 16. Rae1 c5 17. Ne2 Rad8 18. Qxd5 Bf5 19. Qc4 Rd2 20. Ng3 Bxc2
21. Be3 Bd3 22. Qc3 Bxf1 23. Qxd2 Rd8 24. Qc3 Ba6 25. Bf2 Rd3 26. Qc2 Qd8 27.
Ne4 c4 28. Qa4 Bb7 29. Qxc4 Rd1 30. Qe2 Rxe1+ 31. Qxe1 Qa8 32. Bxb6 axb6 33.
Nc3 Bxg2 34. Qd2 Bh3 35. Nd5 h6 36. Qd3 Be6 37. Nxc7 Qxa2 38. Nxe6 Qxe6 39. Kf2
g6 40. Qd8+ Kg7 41. Qd4 Kf8 42. Qd8+ 1/2-1/2

[Event "4NCL Division 2d"]
[Site "Telford, ENG"]
[Date "2017.03.05"]
[Round "8.64"]
[White "Whatley, Stephen A J"]
[Black "O'driscoll, Kieran"]
[Result "1-0"]
[WhiteElo "2115"]
[BlackElo "2098"]
[PlyCount "87"]
[EventDate "2017.03.05"]
[WhiteTeam "Barbican 4NCL Youth"]
[BlackTeam "White Rose 2"]

1. e4 d5 2. exd5 Nf6 3. d4 Bg4 4. Bb5+ Nbd7 5. f3 Bf5 6. Ne2 a6 7. Ba4 b5 8.
Bb3 Nb6 9. Nbc3 Nfxd5 10. Nxd5 Nxd5 11. O-O e6 12. Ng3 Bg6 13. f4 c5 14. c4 Nb6
15. f5 exf5 16. Nxf5 Bxf5 17. Rxf5 bxc4 18. Bg5 f6 19. Ba4+ Nxa4 20. Qxa4+ Qd7
21. Re1+ Be7 22. Rxe7+ Kxe7 23. Re5+ Kd8 24. Qa5+ Kc8 25. Rxc5+ Kb7 26. Rxc4
fxg5 27. Qb4+ Ka7 28. Qc5+ Kb8 29. Rb4+ Qb7 30. Qe5+ Ka7 31. Rxb7+ Kxb7 32.
Qxg7+ Kc6 33. Qf6+ Kd5 34. b3 Rae8 35. Qxa6 Kxd4 36. Qc4+ Ke3 37. Qc3+ Ke2 38.
a4 Rhf8 39. h3 Rf1+ 40. Kh2 Re3 41. Qc2+ Ke1 42. a5 Rf2 43. Qc1+ Ke2 44. a6 1-0

[Event "4NCL Division 2d"]
[Site "Telford, ENG"]
[Date "2017.03.05"]
[Round "8.65"]
[White "Sucikova, Svetlana"]
[Black "Sarkans, Elivjs"]
[Result "1-0"]
[WhiteElo "2086"]
[BlackElo "2012"]
[PlyCount "81"]
[EventDate "2017.03.05"]
[WhiteTeam "White Rose 2"]
[BlackTeam "Barbican 4NCL Youth"]

1. c4 Nf6 2. Nc3 g6 3. g3 Bg7 4. Bg2 d6 5. d4 O-O 6. Nf3 Nbd7 7. O-O e5 8. b3
Re8 9. Bb2 c6 10. dxe5 dxe5 11. Qc2 Qc7 12. Rad1 Nc5 13. b4 Bf5 14. Qc1 Nce4
15. Nxe4 Bxe4 16. Qa1 Nd7 17. Bh3 Nb6 18. Nd2 Bc2 19. Rc1 Ba4 20. Bc3 c5 21. a3
a6 22. Ne4 Nxc4 23. Nxc5 Bc6 24. Qa2 b5 25. Rfd1 Rad8 26. Nxa6 Qa7 27. Nc5 Qxa3
28. Qc2 Qa7 29. Ra1 Qc7 30. Ra6 Rxd1+ 31. Qxd1 Rd8 32. Qa1 Qd6 33. Bf1 Qc7 34.
Ra7 Qc8 35. e4 Qg4 36. Qa6 Rd1 37. Qxc6 Rxf1+ 38. Kxf1 Qd1+ 39. Be1 Nd2+ 40.
Kg2 Qf3+ 41. Kg1 1-0

[Event "4NCL Division 2d"]
[Site "Telford, ENG"]
[Date "2017.03.05"]
[Round "8.66"]
[White "Klingher, Dominic"]
[Black "Burnett, Jim"]
[Result "1-0"]
[WhiteElo "2054"]
[BlackElo "2096"]
[PlyCount "57"]
[EventDate "2017.03.05"]
[WhiteTeam "Barbican 4NCL Youth"]
[BlackTeam "White Rose 2"]

1. e4 e6 2. d3 d5 3. Nd2 Nf6 4. Ngf3 Bc5 5. Be2 O-O 6. O-O b6 7. c3 Ba6 8. e5
Nfd7 9. d4 Bxe2 10. Qxe2 Be7 11. Ne1 c5 12. f4 Nc6 13. Ndf3 Rb8 14. f5 cxd4 15.
cxd4 exf5 16. Qc2 Rc8 17. Qxf5 g6 18. Qh3 Ndb8 19. Nd3 Na6 20. Qh6 f6 21. Nf4
Rf7 22. Bd2 Nab4 23. exf6 Bxf6 24. Ne6 Qd7 25. Nfg5 Bxg5 26. Nxg5 Rg7 27. Rf6
Rf8 28. Rxf8+ Kxf8 29. Nxh7+ 1-0

[Event "4NCL Division 2d"]
[Site "Telford, ENG"]
[Date "2017.03.05"]
[Round "8.67"]
[White "Shaw, Peter"]
[Black "Keen, Cosima"]
[Result "1-0"]
[WhiteElo "2093"]
[BlackElo "1867"]
[PlyCount "45"]
[EventDate "2017.03.05"]
[WhiteTeam "White Rose 2"]
[BlackTeam "Barbican 4NCL Youth"]

1. d4 d5 2. c4 e6 3. Nc3 Nf6 4. Bg5 Be7 5. e3 O-O 6. Nf3 Nbd7 7. Qc2 Re8 8. Rd1
b6 9. cxd5 exd5 10. Be2 Bb7 11. O-O Rc8 12. Qf5 Nf8 13. Ne5 g6 14. Qh3 Ne6 15.
f4 Nd7 16. Nxf7 Kxf7 17. Qxh7+ Ng7 18. f5 Bxg5 19. fxg6+ Ke6 20. Qh3+ Kd6 21.
Nb5+ Kc6 22. Nxa7+ Kd6 23. Qg3+ 1-0

[Event "4NCL Division 2d"]
[Site "Telford, ENG"]
[Date "2017.03.05"]
[Round "8.68"]
[White "Klingher, Bernard"]
[Black "Lopez Cadenas, Nestor"]
[Result "0-1"]
[WhiteElo "1304"]
[BlackElo "1896"]
[PlyCount "58"]
[EventDate "2017.03.05"]
[WhiteTeam "Barbican 4NCL Youth"]
[BlackTeam "White Rose 2"]

1. c4 Nf6 2. g3 e6 3. Bg2 d5 4. cxd5 exd5 5. Nf3 Bd6 6. O-O O-O 7. Nc3 c6 8. d4
Re8 9. Re1 Nbd7 10. Bg5 h6 11. Be3 Nf8 12. Rc1 Bf5 13. Nh4 Bg4 14. h3 Rxe3 15.
hxg4 Bxg3 16. fxe3 Bxh4 17. Bf3 Nxg4 18. Kg2 Nxe3+ 19. Kh3 Nxd1 20. Rcxd1 Bxe1
21. Rxe1 Ng6 22. Rg1 Qh4+ 23. Kg2 Qxd4 24. Rd1 Nh4+ 25. Kh3 Nxf3 26. exf3 Qf2
27. b4 Qxf3+ 28. Kh2 Qxc3 29. Rg1 Re8 0-1

[Event "4NCL Division 2d"]
[Site "Telford, ENG"]
[Date "2017.03.05"]
[Round "8.71"]
[White "Wadsworth, Matthew J"]
[Black "Buckley, David E"]
[Result "1-0"]
[WhiteElo "2350"]
[BlackElo "2274"]
[PlyCount "69"]
[EventDate "2017.03.05"]
[WhiteTeam "Guildford 3"]
[BlackTeam "Downend & Fishponds"]

1. c4 Nf6 2. g3 c6 3. Nf3 d5 4. Bg2 dxc4 5. O-O Nbd7 6. Na3 Nb6 7. Qc2 Be6 8.
Ng5 Bg4 9. f3 Bh5 10. Nxc4 h6 11. Nh3 Qd4+ 12. Ne3 Nfd5 13. Kh1 Bg6 14. Qb3
Nxe3 15. dxe3 Qc4 16. Qxc4 Nxc4 17. b3 Nb6 18. Bb2 Nd5 19. e4 Ne3 20. Rfc1
O-O-O 21. Nf4 Nxg2 22. Kxg2 Bh7 23. b4 e6 24. b5 c5 25. a4 Rg8 26. a5 Kb8 27.
b6 Bd6 28. Nd3 Rc8 29. Ba3 axb6 30. axb6 Rc6 31. Bxc5 Bxc5 32. Nxc5 Rd8 33.
Na6+ Kc8 34. Rxc6+ bxc6 35. Nc5 1-0

[Event "4NCL Division 2d"]
[Site "Telford, ENG"]
[Date "2017.03.05"]
[Round "8.72"]
[White "Russell, Christopher"]
[Black "Osborne, Marcus E"]
[Result "1/2-1/2"]
[WhiteElo "2114"]
[BlackElo "2229"]
[PlyCount "82"]
[EventDate "2017.03.05"]
[WhiteTeam "Downend & Fishponds"]
[BlackTeam "Guildford 3"]

1. e4 c5 2. c3 d5 3. exd5 Qxd5 4. Nf3 g6 5. d4 Bg7 6. dxc5 Qxc5 7. Be3 Qc7 8.
Qc1 Nc6 9. Na3 Bg4 10. Be2 Nf6 11. h3 Bxf3 12. Bxf3 O-O 13. O-O Ne5 14. Be2 a6
15. Bf4 Nd5 16. Bh2 Qc5 17. Re1 Rac8 18. Bxa6 Nf3+ 19. gxf3 bxa6 20. Be5 Bxe5
21. Rxe5 Qd6 22. Re4 Nf6 23. Rh4 Qd5 24. Qe3 g5 25. Rd4 Qf5 26. Qxe7 Rfe8 27.
Qd6 Qxf3 28. Qg3 Qf5 29. Kg2 Nh5 30. Qg4 Nf4+ 31. Kf1 Qg6 32. Rad1 h5 33. Qg3
h4 34. Rd6 Qf5 35. Rxa6 Re4 36. Rad6 Rce8 37. Rd8 Re1+ 38. Rxe1 Rxd8 39. Nc4
Qb5 40. b3 Rd3 41. Re3 Rd5 1/2-1/2

[Event "4NCL Division 2d"]
[Site "Telford, ENG"]
[Date "2017.03.05"]
[Round "8.73"]
[White "Emerson, Roger"]
[Black "Makepeace, Philip J"]
[Result "1/2-1/2"]
[WhiteElo "2195"]
[BlackElo "2073"]
[PlyCount "47"]
[EventDate "2017.03.05"]
[WhiteTeam "Guildford 3"]
[BlackTeam "Downend & Fishponds"]

1. d4 d5 2. c4 e6 3. Nc3 Be7 4. Nf3 Nf6 5. Bg5 O-O 6. e3 Nbd7 7. Rc1 dxc4 8.
Bxc4 c5 9. O-O cxd4 10. exd4 Nb6 11. Bb3 Nbd5 12. Nxd5 Nxd5 13. Bxe7 Qxe7 14.
Bxd5 exd5 15. Qd2 Qd6 16. Rfe1 h6 17. Rc5 b6 18. Rc3 Be6 19. Rec1 Rac8 20. Rxc8
Rxc8 21. Rxc8+ Bxc8 22. Qc3 Bd7 23. Ne5 f6 24. Nxd7 1/2-1/2

[Event "4NCL Division 2d"]
[Site "Telford, ENG"]
[Date "2017.03.05"]
[Round "8.74"]
[White "Hosken, Nigel K"]
[Black "Shepley, Julien M"]
[Result "1/2-1/2"]
[WhiteElo "2098"]
[BlackElo "1992"]
[PlyCount "117"]
[EventDate "2017.03.05"]
[WhiteTeam "Downend & Fishponds"]
[BlackTeam "Guildford 3"]

1. d4 d5 2. c4 e6 3. g3 c5 4. Nf3 Nc6 5. cxd5 exd5 6. Bg2 Nf6 7. O-O cxd4 8.
Nxd4 Bc5 9. Nb3 Bb6 10. Bg5 d4 11. N1d2 h6 12. Bxf6 Qxf6 13. Nc4 O-O 14. Nxb6
axb6 15. Bxc6 Qxc6 16. Nxd4 Qd5 17. Nf3 Qb5 18. b3 Bg4 19. a4 Qh5 20. Qd4 Bxf3
21. exf3 Qxf3 22. Qxb6 Ra6 23. Qe3 Qxe3 24. fxe3 Re8 25. Rad1 Rxe3 26. Rd7 Rxb3
27. Rfxf7 Rxa4 28. Rxg7+ Kh8 29. Rge7 Ra8 30. Kg2 Rb2+ 31. Kh3 Rb6 32. Kh4 Rb2
33. h3 Rb4+ 34. g4 Rb6 35. Rc7 Kg8 36. Rg7+ Kh8 37. Rxb7 Rxb7 38. Rxb7 Ra5 39.
Rf7 Kg8 40. Rf5 Ra6 41. Kh5 Kg7 42. h4 Rb6 43. Ra5 Rb7 44. Ra6 Rb5+ 45. g5 hxg5
46. hxg5 Rb7 47. Rg6+ Kh7 48. Re6 Kg7 49. Kg4 Rb4+ 50. Kf5 Rb5+ 51. Re5 Rxe5+
52. Kxe5 Kg6 53. Kf4 Kg7 54. Kf5 Kf7 55. g6+ Kg7 56. Kg5 Kg8 57. Kf6 Kf8 58.
g7+ Kg8 59. Kg6 1/2-1/2

[Event "4NCL Division 2d"]
[Site "Telford, ENG"]
[Date "2017.03.05"]
[Round "8.75"]
[White "Punnett, Alan K"]
[Black "Bogdan, Horia-Daniel"]
[Result "1-0"]
[WhiteElo "2039"]
[BlackElo "2057"]
[PlyCount "99"]
[EventDate "2017.03.05"]
[WhiteTeam "Guildford 3"]
[BlackTeam "Downend & Fishponds"]

1. e4 e5 2. Nf3 Nc6 3. d4 exd4 4. Nxd4 Nf6 5. Nxc6 bxc6 6. e5 Qe7 7. Qe2 Nd5 8.
c4 Nb6 9. g3 Qe6 10. Nd2 a5 11. Bg2 Bb4 12. O-O Bxd2 13. Bxd2 Qxc4 14. Qh5 O-O
15. Rfe1 Qe6 16. Be4 g6 17. Qh6 f5 18. exf6 Qxf6 19. Bc3 Qf7 20. Qe3 Na4 21.
Bd4 Rb8 22. Bxc6 dxc6 23. Qe5 Qf6 24. Qxf6 Rxf6 25. Bxf6 Kf7 26. Be5 Bf5 27. b3
Nc5 28. Bxc7 Rb5 29. Re5 a4 30. bxa4 Nxa4 31. Rxb5 cxb5 32. Rc1 Ke6 33. Kf1
Bd3+ 34. Ke1 Bc4 35. Rc2 Nc5 36. Kd2 Nd3 37. Kc3 Ne1 38. Rb2 Nd3 39. Rd2 Nc1
40. a4 Na2+ 41. Kd4 Nc1 42. Rb2 Kd7 43. axb5 Be6 44. Bf4 Nb3+ 45. Kc3 Nc5 46.
Rd2+ Kc8 47. Kb4 Nd7 48. Rc2+ Kb7 49. Rc7+ Ka8 50. Ka5 1-0

[Event "4NCL Division 2d"]
[Site "Telford, ENG"]
[Date "2017.03.05"]
[Round "8.76"]
[White "Humphreys, Jerry G"]
[Black "White, Nigel"]
[Result "1/2-1/2"]
[WhiteElo "2012"]
[BlackElo "1982"]
[PlyCount "60"]
[EventDate "2017.03.05"]
[WhiteTeam "Downend & Fishponds"]
[BlackTeam "Guildford 3"]

1. c4 c5 2. Nc3 Nc6 3. Nf3 g6 4. e3 Bg7 5. d4 cxd4 6. exd4 d6 7. Be2 Nf6 8. d5
Nb8 9. O-O O-O 10. Be3 Bd7 11. Qd2 Na6 12. Bh6 Nc5 13. Bxg7 Kxg7 14. Qd4 a5 15.
Nd2 Kg8 16. b3 h5 17. a3 Qb6 18. Rab1 Bf5 19. Rb2 Na4 20. Qxb6 Nxb6 21. Nf3 Bg4
22. Nd4 Bxe2 23. Ndxe2 Rfc8 24. Rc1 Kf8 25. Rbc2 a4 26. Nxa4 Nxa4 27. bxa4 Rxa4
28. Rc3 Ne4 29. Rb3 Nc5 30. Re3 Nd7 1/2-1/2

[Event "4NCL Division 2d"]
[Site "Telford, ENG"]
[Date "2017.03.05"]
[Round "8.77"]
[White "Stimpson, Philip M"]
[Black "Meadows, Michael"]
[Result "1/2-1/2"]
[WhiteElo "1934"]
[BlackElo "1965"]
[PlyCount "38"]
[EventDate "2017.03.05"]
[WhiteTeam "Guildford 3"]
[BlackTeam "Downend & Fishponds"]

1. e4 e6 2. d4 d5 3. Nc3 Nf6 4. e5 Ne4 5. Nxe4 dxe4 6. Be3 Nd7 7. f3 c5 8. c3
Qb6 9. Qb3 cxd4 10. Qxb6 Nxb6 11. Bxd4 exf3 12. Nxf3 Nd5 13. Bb5+ Bd7 14. Bxd7+
Kxd7 15. O-O-O Be7 16. Kb1 Rhc8 17. Rhf1 Ke8 18. h4 h6 19. g4 Bc5 1/2-1/2

[Event "4NCL Division 2d"]
[Site "Telford, ENG"]
[Date "2017.03.05"]
[Round "8.78"]
[White "French, Max"]
[Black "Smart, Michael R"]
[Result "1-0"]
[WhiteElo "1930"]
[BlackElo "1982"]
[PlyCount "109"]
[EventDate "2017.03.05"]
[WhiteTeam "Downend & Fishponds"]
[BlackTeam "Guildford 3"]

1. d4 Nf6 2. c4 c5 3. d5 e6 4. Nc3 exd5 5. cxd5 d6 6. e4 g6 7. Nf3 Bg7 8. Bd3
O-O 9. h3 b6 10. O-O Ba6 11. Re1 c4 12. Bf1 b5 13. a4 b4 14. Nb5 Bxb5 15. axb5
Re8 16. Qc2 c3 17. b3 Nbd7 18. Bd3 Nc5 19. Bf4 Qb6 20. Be3 Qc7 21. Bxc5 Qxc5
22. Ra6 Rac8 23. Re2 Nh5 24. Qc1 Ng3 25. Re1 Bd4 26. Qc2 Bg7 27. Kh2 Nh5 28. g3
Re7 29. Kg2 Nf6 30. Re2 Nd7 31. Ne1 Ne5 32. f4 Nxd3 33. Qxd3 Rb7 34. Nc2 Rxb5
35. Rxd6 Rbb8 36. e5 a5 37. Re4 a4 38. Rc4 Qa7 39. Rxc8+ Rxc8 40. Ra6 Qb7 41.
Rxa4 Bf8 42. Kf3 Rd8 43. Ra5 Qb6 44. Rb5 Qg1 45. d6 Qh1+ 46. Kg4 Kg7 47. f5 h5+
48. Kh4 g5+ 49. Kxg5 Qc1+ 50. Kh4 f6 51. Rb7+ Kh6 52. Qe3+ Qxe3 53. Nxe3 fxe5
54. g4 Bg7 55. g5+ 1-0

[Event "4NCL Division 2d"]
[Site "Telford, ENG"]
[Date "2017.03.05"]
[Round "8.81"]
[White "Harakis, Alexis M"]
[Black "Jogstad, Martin"]
[Result "1-0"]
[WhiteElo "2238"]
[BlackElo "2294"]
[PlyCount "79"]
[EventDate "2017.03.05"]
[WhiteTeam "KJCA Kings"]
[BlackTeam "CSC Dragons"]

1. e4 e6 2. d4 d5 3. Nd2 Nf6 4. e5 Nfd7 5. Bd3 c5 6. c3 Nc6 7. Ne2 cxd4 8. cxd4
f6 9. Nf4 Nxd4 10. Qh5+ Ke7 11. exf6+ Nxf6 12. Ng6+ hxg6 13. Qxh8 Kf7 14. O-O
e5 15. Nf3 Nxf3+ 16. gxf3 Bf5 17. Bxf5 gxf5 18. Bg5 d4 19. Rfe1 Qd5 20. Qh3 e4
21. Bxf6 gxf6 22. fxe4 fxe4 23. Qh7+ Bg7 24. Qxe4 Qxe4 25. Rxe4 Rd8 26. Rd1 f5
27. Rf4 Ke6 28. Kg2 Rh8 29. Re1+ Be5 30. Rxd4 Rxh2+ 31. Kg1 Kf6 32. Ra4 Rh7 33.
Rxa7 f4 34. Kg2 Rd7 35. Ra5 Bxb2 36. Rb5 Bd4 37. Rd1 b6 38. Rxb6+ Ke5 39. Kf3
Bxf2 40. Rb5+ 1-0